000 00371nam a2200133Ia 4500
005 20260326100043.0
008 260326s9999||||xx |||||||||||||| ||und||
100 _aWendt, Paul F.
245 0 _aHousing Policy :
_b The search for solutions /
_cPaul F. Wendt
260 _bUniversity of California Press
300 _a283 p.
650 _aVIVIENDA MULTIFAMILIAR
942 _cBK
999 _c7074
_d7074